Research perspectives on the unmarried mother (Record no. 362225)

000 -LEADER
fixed length control field 00419cam a22001217a 4500
008 - FIXED-LENGTH DATA ELEMENTS--GENERAL INFORMATION
fixed length control field 180718b1962 xxu||||| |||| 00| 0 eng d
082 ## - DEWEY DECIMAL CLASSIFICATION NUMBER
Classification number Q433x73 C436
245 ## - TITLE STATEMENT
Title Research perspectives on the unmarried mother
Statement of responsibility, etc. by Child Welfare League of America, U.S.A.
260 ## - PUBLICATION, DISTRIBUTION, ETC.
Place of publication, distribution, etc. New York
Name of publisher, distributor, etc. Child Welfare League of America
Date of publication, distribution, etc. 1962
300 ## - PHYSICAL DESCRIPTION
Extent 39p.
650 ## - SUBJECT ADDED ENTRY--TOPICAL TERM
Topical term or geographic name entry element Illegitimacy - USA
700 ## - ADDED ENTRY--PERSONAL NAME
Personal name U.S.A. Child Welfare League of America
Holdings
Withdrawn status Lost status Damaged status Not for loan Permanent Location Current Location Date acquired Full call number Barcode Date last seen Price effective from Koha item type
        Indian Institute of Public Administration Indian Institute of Public Administration 1994-03-22 Q433x73 C436 34264 2018-07-21 2018-07-21 Book

Powered by Koha